| 000 | 01068nam a2200289Ia 4500 | ||
|---|---|---|---|
| 005 | 20220317001143.0 | ||
| 008 | 160825s2007 sp a g 000 0 spa | ||
| 020 | _a97884801953012 | ||
| 082 | 0 | 4 |
_a796.42 _bM15m |
| 100 | 1 | _aMcNeill, Ian | |
| 245 | 1 | 3 |
_aEl manual del corredor principiante _b el programa contrastado de trece semanas para caminar y correr _cIan McNeill ; traducción Francisco Jiménez Ardana |
| 250 |
_a2a. edición _b1a. reimpresión |
||
| 300 |
_a196 páginas _bilustraciones _c22 cm |
||
| 490 | _aAtletismo | ||
| 500 | _aIncluye bibliografía | ||
| 650 | 1 | 4 |
_2LEMB _aAtletismo _vManuales |
| 650 | 1 | 4 |
_2LEMB _aCarreras (Deportes) _xTécnicas |
| 650 | 1 | 4 |
_2LEMB _aMaratón _xEstrategias y técnicas |
| 650 | 1 | 4 |
_2LEMB _aEntrenamiento atlético _xTécnicas |
| 700 | 1 |
_aJiménez Ardana, Francisco _966887 |
|
| 942 |
_2ddc _cBK |
||
| 264 |
_aBarcelona _bPaidotribo _c2007 |
||
| 336 |
_atexto _btxt _2rdacontent |
||
| 337 |
_asin mediación _bn _2rdamedia |
||
| 338 |
_avolumen _bnc _2rdacarrier |
||
| 040 |
_aCO-BoRNBP _bspa _erda _cCO-BoRNBP |
||
| 999 |
_c6091 _d6091 |
||